Movies that were never nominated for an oscar - Statistics

General Stats
  • This quiz has been taken 363 times
  • The average score is 7 of 10
Answer Stats
Hint Answer % Correct
Arnold Schwarzenegger, Linda Hamilton, Michael Biehn The Terminator
90%
Bill Murray, Andie MacDowell, Chris Elliott Groundhog Day
76%
Harvey Keitel, Tim Roth, Michael Madsen, Steve Buscemi Reservoir Dogs
74%
Al Pacino, Robert De Niro, Val Kilmer Heat
72%
Jean Reno, Gary Oldman, Natalie Portman Léon
72%
Christian Bale, Tom Hardy, Anne Hathaway The Dark Knight Rises
70%
Jeff Bridges, John Goodman, Steve Buscemi The Big Lebowski
68%
Clint Eastwood, Eli Wallach, Lee Van Cleef The Good, the Bad and the Ugly
51%
Al Pacino, Michelle Pfeiffer, Steven Bauer Scarface
50%
Joseph Gordon-Levitt, Seth Rogen, Anna Kendrick 50/50
31%
No matching quizzes found
Score Distribution
Percent of People with Each Score
Percentile by Number Answered
Your Score History
You have not taken this quiz